000 00297nam a2200145Ia 4500
100 _aShikha Shrivastava
650 _aPower electronics
942 _cBK
245 _aPower Electronics
260 _bNandu
_c2015
082 _a621.317
_bSHI
300 _a396
546 _aENGLISH
999 _c25001
_d25001